| 000 | 00870cam a22002412 4500 | ||
|---|---|---|---|
| 999 |
_c3876 _d3876 |
||
| 001 | 402381 | ||
| 003 | OSt | ||
| 005 | 20241114145117.0 | ||
| 008 | 050927s2005 enka j 00011 eng c | ||
| 020 | _a9780007171323 (pbk.) : | ||
| 040 |
_aTAE _beng _cTAE _dKH8 |
||
| 082 | 0 | 4 | _a823.914 KER |
| 100 | 1 | 0 |
_aKerr, Judith. _eaut. |
| 245 | 1 | 0 |
_aMog and the baby / _cwriteten and illustrated by Judith Kerr. |
| 260 | 0 |
_aLondon : _bHarperCollins Children's Books, _c2005. |
|
| 300 |
_a[32] p. : _bcol. ill. ; _c28 cm. |
||
| 500 | _aOriginally published: London : William Collins Sons, 1980. | ||
| 520 | _aThe Thomas family have gone on holiday, so Mog is staying with a granny. It all sounded safe enough, but no one warned Mog about Tibbles... | ||
| 521 | _a4-8. | ||
| 650 | 1 |
_aCats _xFiction. |
|
| 650 | 1 |
_aMog (Fictitious character : Kerr) _xFiction. |
|
| 942 |
_2ddc _cBK |
||